000 00469pab a2200169 454500
008 180718b2007 xxu||||| |||| 00| 0 eng d
100 _aSujithkumar, P.S.
245 _aLivelihood diversification: a case study in rural Tamil Nadu
260 _c2007
300 _ap.715-22.
362 _aOct-Dec
650 _aRural development - India - Tamil Nadu
650 _aRural development
773 _aIndian Journal of Labour Economics
908 _aN
909 _a77266
999 _c77266
_d77266